000 00492nam a2200181Ia 4500
005 20250326130017.0
008 250326s9999 xx 000 0 und d
037 _aTextbook
040 _aFMSL
_beng
_cFMSL
041 _aeng
_2eng
084 _aD658(B) N4
_qFMSL
100 _aH M S O
_9702719
245 0 _aTraining of part time youuth laders assestants
_cH M S O
260 _aNY
_bNY, HMSO
_c1964
300 _a19p
942 _cTB
_hD658(B) N4
999 _c1280555
_d1280555